| 000 | 00599nam a2200181Ia 4500 | ||
|---|---|---|---|
| 003 | IN-BaIIA | ||
| 008 | 211028s9999 xx 000 0 eng d | ||
| 040 | _cIIA Library | ||
| 080 |
_a524.312(082.2) _bTHE |
||
| 100 |
_aThe, Pik-Sin _93992 |
||
| 245 | 0 |
_aStandards for stellar photometry and spectral classification _cPik-Sin The |
|
| 260 |
_aJava _bBandung Institut Teknologi _c1963 |
||
| 300 | _a821p | ||
| 650 | _aAstronomy and Astrophysics Thesaurus | ||
| 650 |
_aSpectral Classification _93993 |
||
| 650 |
_aStellar Photometry _93994 |
||
| 942 | _cBK | ||
| 999 |
_c2203 _d2203 |
||